000 00347nam a22001337a 4500
008 170621b xxu||||| |||| 00| 0 eng d
020 _a0268011680
041 _aeng
080 _a32
100 _a20
101 _aSHP
245 _aTHE IDEA OF POLITICAL THEORY: REFLECTIONS ON THE SELF IN POLITICAL TIME AND SPACE
_cSTRONG,T.B
942 _2udc
_cBK
999 _c18432
_d18432